BIBLIOTECA

SENCICO

Implementación y ordenamiento de talleres artesanales en la localidad de Quinua Ayacucho, en base al programa de mi tierra un producto - Mincetur / (Registro nro. 4497)

Detalles MARC
000 -LEADER
fixed length control field 01073nam a22002417a 4500
003 - CONTROL NUMBER IDENTIFIER
control field PE SENCICO BE
005 - DATE AND TIME OF LATEST TRANSACTION
control field 20251020182649.0
008 - FIXED-LENGTH DATA ELEMENTS--GENERAL INFORMATION
fixed length control field 240111b |||||||| |||| 00| 0 eng d
040 ## - CATALOGING SOURCE
Original cataloging agency PE SENCICO BE
Transcribing agency PE SENCICO BE
041 ## - LANGUAGE CODE
Language code of text/sound track or separate title spa
084 ## - OTHER CLASSIFICATION NUMBER
Classification number I
-- DIS
-- 2015
Item number R91
100 1# - MAIN ENTRY--PERSONAL NAME
9 (RLIN) 1867
Personal name Rubio Manrique, Javier
Relator term autor
245 1# - TITLE STATEMENT
Title Implementación y ordenamiento de talleres artesanales en la localidad de Quinua Ayacucho, en base al programa de mi tierra un producto - Mincetur /
Statement of responsibility, etc. Javier Rubio Manrique
260 ## - PUBLICATION, DISTRIBUTION, ETC.
Place of publication, distribution, etc. Lima :
Date of publication, distribution, etc. 2015
300 ## - PHYSICAL DESCRIPTION
Extent 76 h. .
Other physical details il. col., tabls. ;
Dimensions 30 cm.
502 ## - DISSERTATION NOTE
Dissertation note Monografía de Titulación.-- Servicio Nacional de Capacitación para la Industria de la Construcción. Escuela Superior Técnica. Carrera Profesional Técnica en Diseño de Interiores, 2015
650 10 - SUBJECT ADDED ENTRY--TOPICAL TERM
9 (RLIN) 44
Topical term or geographic name entry element Diseño de interiores
650 20 - SUBJECT ADDED ENTRY--TOPICAL TERM
9 (RLIN) 1868
Topical term or geographic name entry element Talleres
650 20 - SUBJECT ADDED ENTRY--TOPICAL TERM
9 (RLIN) 1869
Topical term or geographic name entry element Talleres rurales
710 1# - ADDED ENTRY--CORPORATE NAME
Corporate name or jurisdiction name as entry element Servicio Nacional de Capacitación para la Industria de la Construcción.
Subordinate unit Escuela Superior Técnica
9 (RLIN) 1065
910 ## - USER-OPTION DATA (OCLC)
-- hfp
-- hfp
942 ## - ADDED ENTRY ELEMENTS (KOHA)
Koha item type Monografía de Titulación
Existencias
Fecha de la última vez que lo usaron Número de ingreso o de inventario Pago total Signatura topográfica completa Código de barras Precio efectivo desde Tipo de documento Estado perdido Sistema de clasificación Estado dañado No es para préstamo Retirado Ubicación permanente Ubicación actual Fecha de adquisición
11/01/2024 I-00321   I/DIS/2015/R91 BibLima24010035 11/01/2024 Monografía de Titulación   Dewey Decimal Classification       Biblioteca Central Lima Biblioteca Central Lima 11/01/2024